عرض عادي
عرض مارك
- Exercise
مدخل مصطلح موضوعي
001 - رقم الضبط
- حقل الضبط: 19563
003 - معرف رقم الضبط
- حقل الضبط: OSt
005 - تاريخ ووقت أخر عملية
- حقل الضبط: 20130113222611.0
008 - عناصر بيانات ثابتة الطول
- حقل تحكم ثابت الطول: 130113|||a|||||| | ||| d
040 ## - مصدر الفهرسة
- هيئة الفهرسة الأصلية: OSt
- وكالة الكتابة: OSt
150 ## - مدخل-- مصطلح تاريخي
- عنصر مدخل المصطلح الموضوعي او الاسم الجغرافي: Exercise
- تفريع عام: physiology.
670 ## - بيانات المصدر موجوده
- الاستشهاد بالمصدر: Work cat.: (OSt)28865: Textbook of work physiology :, c2003.
